=LDR 00000nam 2200000 4500 =001 INLIS000000000025016 =005 20200312093732 =035 ##$$a 0010-061300000025016 =008 200312###########################0#ind## =041 ##$$a Ind =082 ##$$a 612.399 =090 ##$$a 612.399, Muk m =100 ##$$a Yeny Sulistyowati, Eva Yuniritha =245 1#$$a Metabolisme zat gizi 1, sumber fungsi dan kebutuhan bagi tubuh manusia, Deddy Muchtadi, Made Astawa /$c Yeny Sulistyowati, Eva Yuniritha =260 ##$$a Yogyakarta :$b Trans Medika,$c 2015 =300 ##$$a 169 hlm., ilus., 21 cm : $b Ilustrasi ; $c 22 Cm. =650 #4$$a Metabolisme vitamin =850 ##$$a NBPNMAT =020 ##$$a 978-602-72833-1-2 =084 ##$$a 612.399 YEN m =250 ##$$a Cet 1 =990 ##$$a 117925/Pro.97 =990 ##$$a 3202001911 =990 ##$$a 3202001912